A new record of green spore in Lomaria (Blechnaceae, Polypodiospida) (Registro n. 339275)
[ somente texto ]
| 000 -LÍDER | |
|---|---|
| fixed length control field | 03409nab a2200277 i 4500 |
| 003 - CÓDIGO MARC DA AGÊNCIA CATALOGADORA | |
| Campo de controle | BR-BrBNA |
| 005 - DATA E HORA DA ÚLTIMA ATUALIZAÇÃO | |
| Campo de controle | 20251129135825.0 |
| 008 - CAMPO DE TAMANHO FIXO | |
| fixed length control field | 251129b2023 bl.ar|pooa||| 00| 0 eng | |
| 040 ## - FONTE DA CATALOGAÇÃO | |
| Agência catalogadora | BR-BrBNA |
| Idioma da catalogação | eng |
| 072 ## - CATEGORIA AGRIS | |
| Código AGRIS | F70 |
| 100 ## - ENTRADA PRINCIPAL - NOME PESSOAL | |
| Nome pessoal | Gasper, André Luís de |
| 100 ## - ENTRADA PRINCIPAL - NOME PESSOAL | |
| Nome pessoal | Machado, Giesta Maria Olmedo |
| 100 ## - ENTRADA PRINCIPAL - NOME PESSOAL | |
| Nome pessoal | Karkow, Mariana Hartmann |
| 100 ## - ENTRADA PRINCIPAL - NOME PESSOAL | |
| Nome pessoal | Funez, Luís Adriano |
| 245 ## - TÍTULO PRINCIPAL | |
| Título principal | A new record of green spore in Lomaria (Blechnaceae, Polypodiospida) |
| 500 ## - NOTA GERAL | |
| Nota geral | Publicação on-line; 32 ref.; 2 illus.; Summaries (En, Pt) |
| 942 ## - ADDED ENTRY ELEMENTS (KOHA) | |
| Koha item type | Analítica |
| 520 ## - NOTA DE RESUMO | |
| Nota de conteúdo | <br/><br/>Abstract<br/><br/>Fern spores play a vital role in dispersal. The unique features of spores, such as size, thickness, and<br/>ornamentation can aid in taxonomic decisions and division of groups. Moreover, certain species of ferns possess<br/>green spores containing chlorophyll, an uncommon feature that can reinforce the evidence of relatedness within<br/>a specific group. Lomaria spannagelii is a Neotropical species endemic to Brazil, and, even though green<br/>spores have been reported in its sister species, Lomaria nuda and Lomaria discolor, the presence of these<br/>spores has not yet been investigated in L. spannagelii. In this study, we investigated the morphology of L.<br/>spannagelii spores and sporangia, and, additionally, we determined the chromosome count of the species. Our<br/>results showed that the analyzed species has green spores, a characteristic shared with L. nuda and L. discolor, <br/>and has 2n = 64 chromosomes. This discovery provides new insights into this fern genus and emphasizes the<br/>importance of spore color and chromosome count in systematic and evolutionary studies of ferns.<br/><br/>Key words: Blechnum, chlorophyllous spore, chromosome count, ferns.<br/><br/><br/><br/><br/>Resumo<br/><br/>Os esporos de samambaias desempenham um papel vital na dispersão. As características únicas dos esporos,<br/>como tamanho, espessura e ornamentação, podem auxiliar nas decisões taxonômicas e na divisão dos grupos.<br/>Além disso, certas espécies de samambaias possuem esporos verdes contendo clorofila, característica rara que<br/>pode reforçar a evidência de parentesco dentro de um grupo específico. Lomaria spannagelii é uma espécie<br/>Neotropical endêmica do Brasil e, embora esporos verdes tenham sido relatados em suas espécies irmãs,<br/>Lomaria nuda e Lomaria discolor, a presença desses esporos ainda não foi investigada em L. spannagelii. Neste<br/>estudo, investigamos a morfologia dos esporos e esporos de L. spannagelii e, adicionalmente, determinamos<br/>a contagem cromossômica da espécie. Nossos resultados mostraram que a espécie analisada possui esporos<br/>verdes, característica compartilhada com L. nuda e L. discolor, e possui 2n = 64 cromossomos. Esta descoberta<br/>fornece novos insights sobre o gênero e enfatiza a importância da cor dos esporos e contagem de cromossomos<br/>em estudos taxonômicos e evolutivos de samambaias.<br/><br/>Palavras-chave: Blechnum, esporo clorofilado, contagem cromossômica, samambaias. |
| 650 ## - ASSUNTO - THESAGRO | |
| Cabeçalho tópico ou nome geográfico | ESPORO |
| 650 ## - ASSUNTO - THESAGRO | |
| Cabeçalho tópico ou nome geográfico | CROMOSSOMA |
| 650 ## - ASSUNTO - THESAGRO | |
| Cabeçalho tópico ou nome geográfico | SAMAMBAIA |
| 650 ## - ASSUNTO - THESAGRO | |
| Cabeçalho tópico ou nome geográfico | TAXONOMIA |
| 773 0# - ENTRADA ANALÍTICA | |
| Host Biblionumber | 709 |
| Registro do item | 359038 |
| Imprenta | Rio de Janeiro-RJ Jardim Botanico do Rio de Janeiro 1935 |
| Outro identificador | 2025-7012 |
| Título | Rodriguésia (Brazil) |
| ISSN | 0370-6583; 2175-7860 on-line |
| Colação | v. 74 p. 1-6; (2023) |
| Número de controle de registro | BR2025004382 |
| 856 ## - ACESSO E ENDEREÇO ELETRÔNICO | |
| Identificador uniforme de recurso - URI | https://www.scielo.br/j/rod/a/Y3BhNJGggkhTxxz48Pfvp6h/?format=pdf&lang=en |
Nenhum exemplar disponível.

BINAGRI